000 00578nam a2200229Ia 4500
003 OSt
005 20220924141120.0
006 a|||||r|||| 00| 0
007 ta
008 220923b |||||||| |||| 00| 0 ben d
024 _a297199
037 _cTextual
040 _aARTS
_cARTS
_bben
041 _2ben
_aben
082 _aO157,3NSHA2x, M5
100 _aKabir Saharyar
_9211869
245 0 _aEkattarer jeeshu
260 _c1985
650 _aBENGALI LITERATURE
942 _hO157,3NSHA2x, M5
_cTEXL
_2CC
999 _c446271
_d446271